000 00572nam a2200181 i 4500
001 77444
003 ES-MaACL
005 20230906173219.0
007 t|
008 040108s1966 sp ||||1| spa d
100 1 _aHammond, Seymour B.
_961689
245 1 0 _aIngeniería eléctrica /
_cS.B. Hammond ; traducción y adaptación, Joaquín Olivé, José F. Aperribay.
260 _aMadrid :
_bCastillo,
_c[1966]
300 _a608 p. :
_bil. ;
_c24 cm.
700 1 _aOlivé, Joaquín.
_986781
700 1 _aAperribay, José F.
_922089
852 _aES-MaACL
_jC-32028
_bR.62450
999 _c77444
_d77444